Logo BPK

Biblioteka

Politechniki Koszalińskiej

Koncepcja wykorzystania quasigeoidy wygładzonej w procesie opracowania obserwacji geodezyjnych i astronomicznych / (Rekord nr 22292)

Szczegóły MARC
000 -ETYKIETA REKORDU
podpole kontrolne o stałej długości 00418nam a2200145 i 4500
001 - NUMER KONTROLNY REKORDU
pole kontrolne bg
040 ## - ŹRÓDŁO KATALOGOWANIA
Instytucja, która utworzyła rekord BPK
041 ## - KOD JĘZYKA
Kod języka tekstu pol
080 ## - UNIWERSALNA KLASYFIKACJA DZIESIĘTNA - UKD
UKD 528:521
008 - POLE O STAŁEJ DŁUGOŚCI - DANE KONTROLNE
podpole kontrolne o stałej długości s pl f |000 0 pol
100 1# - NAZWA OSOBOWA
Nazwa osobowa BARLIK, Marcin
245 #0 - TYTUŁ/ODPOWIEDZIALNOŚĆ
Tytuł Koncepcja wykorzystania quasigeoidy wygładzonej w procesie opracowania obserwacji geodezyjnych i astronomicznych /
Pozostałe elementy strefy tytułu i oznaczenia odpowiedzialności Marcin Barlik.
260 ## - STREFA ADRESU WYDAWNICZEGO
Miejsce wydania Warszawa,
Data publikacji, dystrybucji/powstania dokumentu 1983.
856 ## - LOKALIZACJA I DOSTĘP DO ELEKTRONICZNYCH DOKUMENTÓW ZDALNYCH
Link (URL) http://koha.tu.koszalin.pl/cgi-bin/koha/opac-detail.pl?biblionumber=22292
Tekst linku Katalog online BPK
942 ## - DODATKOWE ELEMENTY (KOHA)
Typ dokumentu Książka
Egzemplarze
Wycofany Status egzemplarza Uszkodzony Dostępność Lokalizacja stała Lokalizacja bieżąca Miejsce przechowywania Sygnatura Kod kreskowy Ostatnio wypożyczono Typ dokumentu
      Dostępny Biblioteka Politechniki Koszalińskiej Biblioteka Politechniki Koszalińskiej Wypożyczalnia BG 31294 01575866 14.12.2015 Książka
© 2023 Biblioteka Politechniki Koszalińskiej :: KOHA